MDQL
is popping MORE tags! Check the
thread
!
Quizzes
Events
Quiz Creation
Community
Videos
Private Events
Remove Ads
Sign In
Join for FREE
Feedback
Dark Mode
Quiz Categories
Sports
Geography
Music
Movies
Television
Just For Fun
Miscellaneous
History
Literature
Language
Science
Gaming
Entertainment
Religion
Holiday
For Kids
Quiz Lab
Recent
Popular Today
Quiz Kudos Today
Editor Picks
Curator Picks
Quizzes by...
Day
Popularity
Type
Ratings
Length
Year
Community
Subscriptions
Recent Discussions
Orange Saloon
Badges
Playlists
Quests
Create
Leaderboards
Showdown
Live 5
Trivia Bingo
Activity
Puzzle Library
Sporcle Events
Private Events
Virtual Trivia
Globe League
Become a Host
Pub Owners
SporcleCon
Opinionation
Our Games
Videos
Blog
Mobile Apps
Partnerships
Remove Ads and Go Orange
Feedback
Sports
Athletes
MLB
NBA
NHL
NFL
Soccer
Sports Teams
WWE
NCAA
Football
Premier League
Basketball
Baseball
Hockey
Golf
Tennis
Cricket
Rugby
Auto Racing
Olympics
World Cup
Sports
Athletes
MLB
NBA
NHL
NFL
Soccer
Sports Teams
WWE
NCAA
Football
Premier League
Basketball
Baseball
Hockey
Golf
Tennis
Cricket
Rugby
Auto Racing
Olympics
World Cup
Random Quiz
Search Sporcle
×
Quiz Lab
Quiz Lab
Sports
NBA
Type in answers that appear in a list
Type in answers that appear in a list
Classic
Best Score? Go Orange.
NBA all-star game MVP Stats
Can you name the all the NBA all-star game MVPs?
By
ballerboy123
10m
64 Questions
63 Plays
63 Plays
63 Plays
Comments
Comments
Give Quiz Kudos
Give Quiz Kudos
-
- Ratings
hide this ad
More Info
Replay
Link that replays current quiz
Next Quiz
Link to next quiz in quiz playlist
You Got
0%
They Got
Avg Score
78%
Avg Friend Score
Upgrade to see
Score Distribution
Jump to the score distribution portion of the page
Score
0/64
Timer
10:00
0
Plays Today
Year
MVP
% Correct
2013
Chris Paul
98.4%
2012
Kevin Durant
98.4%
2010
Dwayne Wade
98.4%
2008
LeBron James
98.4%
2006
LeBron James
98.4%
2011
Kobe Bryant
96.8%
2009
Shaquille O'neal
96.8%
2009
Kobe Bryant
96.8%
2007
Kobe Bryant
96.8%
2005
Allen Iverson
96.8%
2004
Shaquille O'neal
96.8%
2003
Kevin Garnett
96.8%
2002
Kobe Bryant
96.8%
2001
Allen Iverson
96.8%
2000
Tim Duncan
96.8%
1994
Scottie Pippen
96.8%
1993
Karl Malone
96.8%
1992
Magic Johnson
96.8%
1990
Magic Johnson
96.8%
1989
Karl Malone
96.8%
1998
Michael Jordan
95.2%
1996
Michael Jordan
95.2%
1988
Michael Jordan
95.2%
1986
Isiah Thomas
93.7%
1984
Isiah Thomas
93.7%
1982
Larry Bird
93.7%
1983
Julius Erving
92.1%
1977
Julius Erving
92.1%
1963
Bill Russell
88.9%
1960
Wilt Chamberlain
88.9%
1991
Charles Barkley
84.1%
1972
Jerry West
84.1%
Year
MVP
% Correct
1969
Oscar Robertson
84.1%
1964
Oscar Robertson
84.1%
1961
Oscar Robertson
84.1%
1957
Bob Cousy
84.1%
1954
Bob Cousy
84.1%
1962
Bob Pettit
82.5%
1959
Bob Pettit
82.5%
1958
Bob Pettit
82.5%
1956
Bob Pettit
82.5%
1980
George Gervin
79.4%
1975
Walt Frazier
79.4%
1970
Willis Reed
79.4%
1997
Glen Rice
74.6%
1995
Mitch Richmond
74.6%
1959
Elgin Baylor
69.8%
1967
Rick Barry
68.3%
1973
Dave Cowens
66.7%
1981
Nate Archibald
60.3%
1974
Bob Lanier
58.7%
1987
Tom Chambers
55.6%
1968
Hal Greer
54%
1979
David Thompson
50.8%
1978
Randy Smith
46%
1976
Dave Bing
46%
1966
Adrian Smith
46%
1955
Bill Sharman
44.4%
1952
Paul Arizin
44.4%
1971
Lenny Wilkens
34.9%
1965
Jerry Lucas
34.9%
1951
Ed Macauley
25.4%
1985
Ralph Simpson
6.3%
1953
George Milkan
1.6%
Quiz Playlist
Details
Report
Send in Message
Add To Playlist
More Info:
Note- It is the team they were playing for when they received the honor *=team either moved cities or was revoked from NBA
Classic:
Type in answers that appear in a list
Quiz Source
Last Updated: Feb 16, 2017
Quiz Scoreboard
CHALLENGE
Sign Up to Join the Scoreboard
Show All
Scores
Hide
Comments
May contain spoilers
Recently Published
1-10 Letter E Words III
by El_Dandy
Language
2m
Street Fighter Characters
by Artimus82
Gaming
60s
College Basketball Coaching Resumes
by pancakes188
Sports
9m
More to Explore
Quiz From the Vault
Featured Blog Post
Where Did the Easter Bunny Come From?
hide this ad
You Might Also Like...
Tags
Basketball Quiz
NBA Quiz
All-Star
NBA All-Star
NBA MVP
NBA Player
Sporting Events
Today's Top Quizzes in Sports
Browse Sports
hide this ad
Today's Top Quizzes in NBA
Browse NBA
Top Contributed Quizzes in Sports
1
2022 World Cup Stars
2
Les meilleurs buteurs des matchs entre le PSG et l’OM
3
FIFA Club World Cup Champions
4
Les entraîneurs de l'OM et du PSG au 21e siècle
5
Criteria MLB: Left Handed Sluggers
6
2023 MLB Unique Player Accomplishments
7
AFC Teams Reveal (Wrong Answers Minefield)
8
Players with Multiple 50 Home Run Seasons
9
5-to-1: FBS Animal Nicknames
10
5-to-1: UK Sports Teams
Explore More
Trending Topics
NBA
Anime
Crossword
Harry Potter
Kpop
Disney
Marvel
WWE
Song
Country
Puzzle
Soccer
Pokémon
The Office
NFL
hide this ad
More By:
ballerboy123
Quiz
Plays
Rating
Category
Featured
Created
CHRIS PAUL QUIZ
594
3.00
Sports
Jul 12, 2011
guess the NFL team
387
1.25
Sports
Feb 11, 2013
Playstation controller
316
2.80
Gaming
Jul 19, 2011
True or False Sports
307
1.00
Sports
Jul 13, 2011
NBA Nicknames
106
1.00
Sports
Jul 19, 2011
Go to Creator's Profile
Score Distribution
Quiz Creator Spotlight
ballerboy123
Follow
Send a Message
Quizzes Created
-
Created Quiz Play Count
-
More By This Creator
Popular Quizzes Today
1
Find the US States - No Outlines Minefield
2
Find the Countries of Europe - No Outlines Minefield
3
The Countries of the World
4
Find the US States
5
Risky Map Clicking: Biggest States A-Z
6
US States
7
Popular People in 1961
8
Movies - When Are They Set?
More Sports Quizzes
Premier League Teams With 3+ Managers In One Season
Quiz Lab
Trending Quizzes
Risky Map Clicking: Least Populous States A-Z
USA Borders Longest to Shortest
1-10 Letter G Words
1-10 Letter F Words
Countries of the World: 200 Million BC
Recently Updated
Leaping Animals
pecheneg
Reality TV Shows (A-Z)
bhenderson79
Rickey Henderson's Hall of Fame Teammates
pecheneg
Champions League XIs: Arsenal
pecheneg
Quick Pick: Celebrities in WWE's Hall of Fame
aduchscher
A-Z Keypad Blitz II
pecheneg
Multiple Oscar Actors
pecheneg
Mystery Phrase Blitz: Oscar 'Best Actors'
pecheneg
F. Scott Fitzgerald Novels
LTH
Pick 3 Villains
ddd62291
Trending Topics
Marvel
Crossword
NBA
Harry Potter
Kpop
Anime
Disney
NFL
WWE
Song
Country
Puzzle
Pokémon
The Office
Soccer
Your Account Isn't Verified!
In order to create a playlist on Sporcle, you need to verify the email address you used during registration. Go to your
Sporcle Settings
to finish the process.
Report this User
Report this user for behavior that violates our
Community Guidelines
.
Details:
Send Report
Go to the Sporcle.com Mobile Site →
Comments